000 00780nam a22001931i 4500
001 182961
003 ES-MaACL
005 20250827022425.0
008 140107s1970 sp |||| | spa d
080 _a352:061.3(100)"1969"
111 2 _aCongreso Hispano-Luso-Americano-Filipino de Municipios (
_n5º.
_d1969.
_cSantiago de Chile)
_9154074
245 1 0 _aCrónica del V Congreso Hispano-Luso-Americano- Filipino de Municipios
_b: Santiago de Chile, noviembre 1969.
260 _aMadrid :
_bInstituto de Estudios de Administración Local,
_c1970.
300 _a2 vol. ;
_c24 cm.
650 4 _aMunicipios-
_vCongresos y asambleas.
_9154075
710 2 1 _aInstituto de Estudios de Administración Local (España)
_94893
852 _aES-MaACL
_jC-44091-92
999 _c182961
_d182961